Statistiques concernant Quiz Luke Skywalker

Cliquez ici pour prendre le quiz!

Statistiques générales

  • Ce quiz a été pris 72 fois
  • Le résultat moyen est 7 sur 15

Statistiques - réponses

HintRéponse% Correct
Comment se nomme sa vraie mère ?Padme
91%
Quel est le maître jedi sur Dagobah qui l’entraîne ?Yoda
86%
Qui lui enseigne en premier les voies de la force ?Obiwan Kenobi
80%
Quel est le droide qui l'accompagne pour détruire l'étoile de la mort ?R2D2
79%
Quel personnage sauve t'il de Jabba le HuttHan Solo
71%
A qui appartient son sabre laser dans les épisodes IV et V ?Anakin Skywalker
70%
Comment se nomme sa sœur jumelle ?Leia Organa
58%
Ou affronte t'il Vador dans l'épisode V ?Bespin
38%
Quel membre perd t'il dans son duel contre Vador ?Sa main
38%
Par qui est-il élevé ?Son oncle et sa tante
27%
Qui joue le rôle de Luke Skywalker ?Mark Hammil
23%
Qui rencontre t'il sur Endor ?Les Ewoks
15%
De quel couleur est son sabre laser ?Bleu/Vert
5%
Qui tue Luke Skywalker ?il ne meurt pas
5%
Sur quelle planète est-il né ?Poli Massa
3%

Distribution des résultats

Percentile par nombre de réponses

% des personnes avec chaque résultat

Votre développement - résultats

Vous n’avez pas pris ce quiz